Insertando los padres, madres y tutores según la ordenanza 09-2000 para el rendimiento académico en el segundo ciclo del nivel primario del centro educativo FIdelina Andino del municipio de Duvergé, período 2025-2026 / (Record no. 10241)

MARC details
000 -LEADER
campo de control de longitud fija 01479nam a22003137a 4500
001 - NÚMERO DE CONTROL
campo de control 10241
003 - IDENTIFICADOR DE NÚMERO DE CONTROL
campo de control UCATEBA
005 - FECHA Y HORA DE LA ÚLTIMA TRANSACCIÓN
campo de control 20260129100053.0
006 - CÓDIGOS DE INFORMACIÓN DE LONGITUD FIJA--CARACTERÍSTICAS DEL MATERIAL ADICIONAL
campo de control de longitud fija a
007 - CAMPO FIJO DE DESCRIPCIÓN FÍSICA--INFORMACIÓN GENERAL
campo de control de longitud fija a
008 - DATOS DE LONGITUD FIJA--INFORMACIÓN GENERAL
campo de control de longitud fija 260129b |||||||| |||| 00| 0 eng d
040 ## - FUENTE DE CATALOGACIÓN
Centro catalogador/agencia de origen DO-BaUCT
Lengua de catalogación spa
Centro/agencia transcriptor DO-BaUCT
Normas de descripción rda
041 0# - CÓDIGO DE IDIOMA
Código de lengua del texto/banda sonora o título independiente spa
Código de lengua original spa
090 0# - LOCALMENTE ASIGNADO TIPO-LC NÚMERO DE CLASIFICACIÓN (OCLC); NÚMERO DE CLASIFICACIÓN LOCAL (RLIN)
Número de clasificación (OCLC) (R) ; Numero de clasificación, CALL (RLIN) (NR) ORI 2025-021
100 1# - ENTRADA PRINCIPAL--NOMBRE DE PERSONA
Nombre de persona Moreta Matos, Yosi Evelyn,
Término indicativo de función/relación autor
245 10 - MENCIÓN DEL TÍTULO
Título Insertando los padres, madres y tutores según la ordenanza 09-2000 para el rendimiento académico en el segundo ciclo del nivel primario del centro educativo FIdelina Andino del municipio de Duvergé, período 2025-2026 /
Mención de responsabilidad, etc. Yosi Evelyn Moreta Matos, Dania Elizabeth Heredia Pérez, Aldry Rexmania Molina Medrano ; asesor: Julio Esteban Segura Gómez.
260 ## - PUBLICACIÓN, DISTRIBUCIÓN, ETC.
Lugar de publicación, distribución, etc. Barahona, República Dominicana :
Nombre del editor, distribuidor, etc. Universidad Católica Tecnológica de Barahona (UCATEBA),
Fecha de publicación, distribución, etc. 2025
300 ## - DESCRIPCIÓN FÍSICA
Extensión 175,[72]hojas ;
Dimensiones 28cm
336 ## - TIPO DE CONTENIDO
Fuente rdacontent
Término de tipo de contenido texto
Código de tipo de contenido txt
337 ## - TIPO DE MEDIO
Fuente rdamedia
Nombre/término del tipo de medio sin mediación
Código del tipo de medio n
338 ## - TIPO DE SOPORTE
Fuente rdacarrier
Nombre/término del tipo de soporte volumen
Código del tipo de soporte nc
502 ## - NOTA DE TESIS
Nota de tesis Proyecto de Investigación Acción (Licenciatura en Orientación Escolar) --UCATEBA-- Escuela de Educación, año 2025
650 #4 - PUNTO DE ACCESO ADICIONAL DE MATERIA--TÉRMINO DE MATERIA
Fuente del encabezamiento o término Armarc
Término de materia o nombre geográfico como elemento de entrada Rendimieno Académico
650 #4 - PUNTO DE ACCESO ADICIONAL DE MATERIA--TÉRMINO DE MATERIA
Fuente del encabezamiento o término Armarc
Término de materia o nombre geográfico como elemento de entrada Inserción de Padres, Madres y Tutores
700 1# - ENTRADA AGREGADA--NOMBRE PERSONAL
Nombre de persona Heredia Pérez, Dania Elizabeth,
Término indicativo de función/relación autor
700 1# - ENTRADA AGREGADA--NOMBRE PERSONAL
Nombre de persona Molina Medrano, Eldry Rexmania,
Término indicativo de función/relación autor
700 1# - ENTRADA AGREGADA--NOMBRE PERSONAL
Nombre de persona Segura Gómez, Julio Esteban,
Término indicativo de función/relación asesor
942 ## - ELEMENTOS DE ENTRADA SECUNDARIOS (KOHA)
Fuente de la clasificación o esquema de estantería Clasificación Decimal Dewey
Tipo de ítem Koha Tesis
Parte de clasificación ORI 2025-021
Prefijo de la signatura ORI
Sufijo de signatura topográfica 2025-021
Suprimir en OPAC No
Holdings
Estatus retirado Estado de pérdida Fuente de la clasificación o esquema de estantería Estado de daño No para préstamo Colección Biblioteca de origen Biblioteca actual Fecha de adquisición Fuente de adquisición Total de préstamos Signatura topográfica completa Código de barras Visto por última vez Copia número Precio de reemplazo Tipo de ítem Koha
    Clasificación Decimal Dewey     Acervo general de Libros Biblioteca Central Mons. Favio M. Rivas S. Biblioteca Central Mons. Favio M. Rivas S. 29/01/2026 UCATEBA   ORI 2025-021 000000013594 29/01/2026 1 29/01/2026 Tesis